Supplementi alle ore del giorno e della notte /

Saved in:
Bibliografiske detaljer
Hovedforfatter: Greppi, Cesare (Author)
Format: Bog
Sprog:italiensk
Udgivet: Parma : U. Guanda, 1989
Serier:Fenice contemporanea
Tags: Tilføj Tag
Ingen Tags, Vær først til at tagge denne postø!

MARC

LEADER 00000nam a22000007i 4500
001 IT\ICCU\CFI\0198540
003 ItRI
005 20241230111814.0
008 920510s1989 it |||||| ||||| |||||c
020 |a 8877464178 
040 |b ita  |c ARCIGAY RIMINI 
041 7 |a ita  |2 ISO-639-2 
082 |a 851.914  |2 12 
100 1 |a Greppi, Cesare  |0 IT\ICCU\CFIV\040731  |4 aut 
245 1 0 |a Supplementi alle ore del giorno e della notte /  |c Cesare Greppi. 
260 |a Parma :  |b U. Guanda,  |c 1989 
300 |a 101 p. ;  |c 20 cm 
830 0 |a Fenice contemporanea  |0 IT\ICCU\CFI\0084134 
942 |2 ddc  |c BK 
952 |0 0  |1 0  |2 ddc  |4 0  |6 851_914000000000000_GRE_SUP  |7 1  |9 2482  |a RN  |b RN  |d 2024-12-30  |l 0  |o 851.914 GRE SUP  |p 9926  |r 2024-12-30 11:18:57  |w 2024-12-30  |y BK 
981 1 |6 z01  |a i   |b xxxe  
982 1 |6 z01  |a n 
999 |c 2157  |d 2157